000 00223nam a22000857a 4500
008 161125b xxu||||| |||| 00| 0 eng d
100 _91441
_aMcMohan
245 _aFlap and tab bible
260 _aNew york
_bScholastic standard
_c2004
999 _c4165
_d4165